Members of NCT 127 (Kpop) - Statistics

General Stats
  • This quiz has been taken 3,823 times
  • The average score is 6 of 7
Answer Stats
Answer % Correct
Mark
96%
Taeyong
93%
Taeil
87%
Haechan
85%
Jaehyun
84%
Yuta
84%
Winwin
77%
No matching quizzes found
Score Distribution
Percent of People with Each Score
Percentile by Number Answered
Your Score History
You have not taken this quiz